A GUIDE TO STUDENT-CENTERED LEARNING (Record no. 212055)

MARC details
000 -LEADER
fixed length control field 00431nam a22001577a 4500
008 - FIXED-LENGTH DATA ELEMENTS--GENERAL INFORMATION
fixed length control field 240910b |||||||| |||| 00| 0 eng d
020 ## - INTERNATIONAL STANDARD BOOK NUMBER
International Standard Book Number 0631149333
050 ## - LIBRARY OF CONGRESS CALL NUMBER
Classification number REF LB 1027.B73 1986
100 ## - MAIN ENTRY--PERSONAL NAME
Personal name BRANDES DONNA
245 ## - TITLE STATEMENT
Title A GUIDE TO STUDENT-CENTERED LEARNING
260 ## - PUBLICATION, DISTRIBUTION, ETC.
Place of publication, distribution, etc. ENGLAND
Name of publisher, distributor, etc. BASIL BLACKWELL
Date of publication, distribution, etc. 1986
300 ## - PHYSICAL DESCRIPTION
Extent X,275
500 ## - GENERAL NOTE
General note INCLUDES BIBLIOGRAPHY AND APPENDIX
942 ## - ADDED ENTRY ELEMENTS (KOHA)
Source of classification or shelving scheme Library of Congress Classification
Koha item type Reference
Holdings
Withdrawn status Lost status Source of classification or shelving scheme Damaged status Not for loan Collection Home library Current library Shelving location Date acquired Inventory number Total checkouts Full call number Barcode Date last seen Copy number Price effective from Koha item type
    Library of Congress Classification   Not for loan Reference Kisii University Library Kisii University Library On Display 09/10/2024 15827/90   REF LB 1027.B73 1986 000000012165 09/10/2024 C.1 09/10/2024 Reference